Entry Personal Name
Number of records used in: 1
001 - CONTROL NUMBER
003 - CONTROL NUMBER IDENTIFIER
005 - DATE AND TIME OF LATEST TRANSACTION
- control field:
20220106133253.0
008 - FIXED-LENGTH DATA ELEMENTS
- fixed length control field:
800709n| azannaab |a aaa
010 ## - LIBRARY OF CONGRESS CONTROL NUMBER
- LC control number:
n 50017128
040 ## - CATALOGING SOURCE
- Original cataloging agency:
DLC
- Language of cataloging:
eng
- Description conventions:
rda
- Transcribing agency:
DLC
- Modifying agency:
DLC
100 1# - HEADING--PERSONAL NAME
- Personal name:
Curry, A. S.
- Fuller form of name:
(Alan S.)
378 ## - FULLER FORM OF PERSONAL NAME
- Fuller form of personal name:
Alan S.
400 10 - SEE FROM TRACING--PERSONAL NAME
- Personal name:
Curry, Alan S.
500 10 - SEE ALSO FROM TRACING--PERSONAL NAME
- Personal name:
Curry, Alan
670 ## - SOURCE DATA FOUND
- Source citation:
His Poison detection in human organs, 1963.
670 ## - SOURCE DATA FOUND
- Source citation:
LC data base, 9/20/85
- Information found:
(hdg.: Curry, Alan S.; usage: Alan Curry; A.S. Curry)
670 ## - SOURCE DATA FOUND
- Source citation:
Information from 678 converted Dec. 8, 2014
- Information found:
(M.A., Ph.D., F.R.I.C.)